00547nam a2200169 i 4500001000400000100001700004245008500021260004600106300002900152505003200181650006100213700003100274020001500305040000800320041000800328008004100336bgj1 aGAIRNS, Ruth10aNatural English :bintermediate student's book /cRuth Gairns and Stuart Redman. aOxford :bOxford University Press,c2003. a175 pp :bill. ;c28 cm. aIncludes Listening Booklet. 9aEnglish languagexTextbooks for foreignersxIntermediate1 aREDMAN, Stuart.eco-author a0194373258 cBPK0 aeng s uk f |000 0 eng